| 000 | 00392nam a2200169Ia 4500 | ||
|---|---|---|---|
| 003 | 0STCL | ||
| 008 | 150530s9999 xx 000 0 und d | ||
| 040 |
_aSTCL _cSTCL |
||
| 100 | _aMargenau, H.; Murphy, G.M. | ||
| 245 | _aMathematics of physics and chemistry | ||
| 250 | _aSecond | ||
| 260 | _c1963 | ||
| 546 | _aEnglish | ||
| 942 |
_2ddc _cBK |
||
| 999 |
_c32138 _d32138 |
||
| 005 | 20220125170236.0 | ||